Fr. Conceicao Rodrigues College of Engineering

Fluid Mechanics and hydraulics:Schaums outline (Record no. 22460)

MARC details
000 -LEADER
fixed length control field 00327nam a2200145Ia 4500
082 ## - DEWEY DECIMAL CLASSIFICATION NUMBER
Classification number 532
Item number GIL
100 ## - MAIN ENTRY--PERSONAL NAME
Personal name Giles/ Evett
250 ## - EDITION STATEMENT
Edition statement 3
245 ## - TITLE STATEMENT
Title Fluid Mechanics and hydraulics:Schaums outline
260 ## - PUBLICATION, DISTRIBUTION, ETC.
Name of publisher, distributor, etc. Tata Mc Graw hill
Place of publication, distribution, etc. New Delhi
Date of publication, distribution, etc. 1994
300 ## - PHYSICAL DESCRIPTION
Extent 378
546 ## - LANGUAGE NOTE
Language note ENGLISH
654 ## - SUBJECT ADDED ENTRY--FACETED TOPICAL TERMS
Focus term Fluid
942 ## - ADDED ENTRY ELEMENTS (KOHA)
Koha item type BOOK
Holdings
Withdrawn status Lost status Damaged status Not for loan Collection Home library Current library Date acquired Total Checkouts Full call number Barcode Date last seen Price effective from Koha item type
        CRC Fr. Agnel's C.Rodrigues College of Engineering Fr. Agnel's C.Rodrigues College of Engineering 17/03/2023   532 GIL 14973 17/03/2023 17/03/2023 BOOK
        CRC Fr. Agnel's C.Rodrigues College of Engineering Fr. Agnel's C.Rodrigues College of Engineering 17/03/2023   532 GIL 14974 17/03/2023 17/03/2023 BOOK
        CRC Fr. Agnel's C.Rodrigues College of Engineering Fr. Agnel's C.Rodrigues College of Engineering 17/03/2023   532 GIL 14975 17/03/2023 17/03/2023 BOOK